Critica dei principî della matematica e questioni di logica /

Guardado en:
Autor Principal: Cassina, Ugo.
Formato: Libro
Idioma:Italian
Publicado: Roma : Edizioni Cremonese, 1961.
Etiquetas: Agregar Etiqueta
Sin Etiquetas, Sea el primero en etiquetar este registro!
LEADER 00759nam a22001695a 4500
001 MAT.inmabb004400
008 070309s1961####it#######b####000#0#ita#d
005 20130419124141.0
245 1 0 |a Critica dei principî della matematica e questioni di logica /  |c Ugo Cassina. 
260 |a Roma :  |b Edizioni Cremonese,  |c 1961. 
300 |a vii, 518 p. ;  |c 22 cm. 
500 |a "A collection mainly of expository papers, published between 1928 and 1956. Among the subjects treated are: the notions of length and area; elements of set theory; Peano's formal system; axioms of Euclidean geometry."--Math. Rev. 
504 |a Incluye referencias bibliográficas. 
510 4 |a MR,  |c 22 #9447 
100 1 |a Cassina, Ugo. 
084 |a 03A05  |2 msc2000 
859 |h 03  |i C345  |p A-2828  |b BIB. MATEMATICA